Prípadne substituované 8-kyán-1-cyklopropyl-7-(2,8-diazabicyklo-[4,3,0]-nonán-8-yl)-6-fluór-1,4-dihydro-4-oxo-3-chinolínkarboxylové kyseliny a ich deriváty, spôsob ich výroby a ich použitie ako liečiv

Bibliographic Details
Format: Book
Language:Slovak
Published: [Banská Bystrica] Úrad priemyselného vlastníctva Slovenskej republiky [2005]

MARC

LEADER 00000nam a2200000 a 4500
001 vtls008697751
003 SK-MaSNL
005 20260224074135.0
008 060503s2005 xo d j o000 0 slo
013 |a 284 542  |b gw, gw  |c patentový spis  |d 20050602  |e dátum nadobudnutia účinkov patentu (Vestník ÚPV SR č.: 6/2005)  |d 20050516  |e dátum sprístupnenia patentu verejnosti 
013 |a 1146-98  |e číslo prihlášky  |d 19970212  |e dátum podania prihlášky  |d 19990111  |e dátum zverejnenia prihlášky (Vestník ÚPV SR č.: 01/1999) 
013 |a 196 06 762.6, 196 33 805.0  |e číslo prioritnej prihlášky  |d 19960223, 19960822  |e dátum podania prioritnej prihlášky 
040 |a SNK  |b slo  |c SNK  |e AACR2 
245 1 |a Prípadne substituované 8-kyán-1-cyklopropyl-7-(2,8-diazabicyklo-[4,3,0]-nonán-8-yl)-6-fluór-1,4-dihydro-4-oxo-3-chinolínkarboxylové kyseliny a ich deriváty, spôsob ich výroby a ich použitie ako liečiv 
260 |a [Banská Bystrica]  |b Úrad priemyselného vlastníctva Slovenskej republiky  |c [2005] 
999 |c 910366  |d 912296 
952 |a SNK  |b SNK  |y PREZ  |7 0  |p 17A0389905  |o snkSK 284542  |i snk2006/9046  |8 0  |0 0  |1 0  |4 0  |d 2006-05-03  |l 0  |r 2026-02-24 07:41:35  |w 2026-02-24